ბათუმის შოთა რუსთაველის სახელმწიფო უნივერსიტეტის ბიბლიოთეკა

Гидравлика. (ბიბ.ჩანაწერი № 47210)

000 -LEADER
fixed length control field 00571nam a2200217Ia 4500
001 - CONTROL NUMBER
control field 14070
003 - CONTROL NUMBER IDENTIFIER
control field GE_BSU
008 - FIXED-LENGTH DATA ELEMENTS--GENERAL INFORMATION
fixed length control field 181216s||||||||xx |||||||||||||| ||und||
040 ## - CATALOGING SOURCE
Transcribing agency GE_BSU
080 ## - UNIVERSAL DECIMAL CLASSIFICATION NUMBER
Universal Decimal Classification number 532.1
100 ## - MAIN ENTRY--PERSONAL NAME
Personal name Рабинович,Е.З.
245 ## - TITLE STATEMENT
Title Гидравлика.
245 ## - TITLE STATEMENT
Statement of responsibility, etc. Ред. В.А.Архангельский.
250 ## - EDITION STATEMENT
Edition statement Изд четвертое, стереотипное.
260 ## - PUBLICATION, DISTRIBUTION, ETC.
Place of publication, distribution, etc. М.
260 ## - PUBLICATION, DISTRIBUTION, ETC.
Name of publisher, distributor, etc. Физматгиз.
260 ## - PUBLICATION, DISTRIBUTION, ETC.
Date of publication, distribution, etc. 1963.
300 ## - PHYSICAL DESCRIPTION
Extent 408 стр. с илл.
653 ## - INDEX TERM--UNCONTROLLED
Uncontrolled term Гидравлика.
942 ## - ADDED ENTRY ELEMENTS (KOHA)
Koha item type წიგნი
ეგზემპლარები
Withdrawn status Lost status Damaged status Not for loan Date acquired Barcode Date last seen Price effective from Koha item type
        2018-12-17 9880 2018-12-17 2018-12-17 წიგნი